Gorillaz Tracklist (Gorillaz) - Statistics

General Stats
  • This quiz has been taken 43 times
  • The average score is 13 of 17
Answer Stats
Hint Answer % Correct
5 Clint Eastwood
97%
16 Clint Eastwood - Ed Case / Sweetie Irie Refix
97%
11 19-2000
93%
2 5/4
90%
1 Re-Hash
87%
3 Tomorrow Comes Today
87%
4 New Genius (Brother)
83%
10 Rock The House
83%
7 Punk
80%
13 Starshine
80%
8 Sound Check (Gravity)
77%
9 Double Bass
70%
12 Latin Simone (Que Pasa Contigo)
70%
15 M1 A1
70%
6 Man Research (Clapper)
70%
14 Slow Country
67%
17 19-2000 - Soulchild Remix
27%
No matching quizzes found
Score Distribution
Percent of People with Each Score
Percentile by Number Answered
Your Score History
You have not taken this quiz